00582cam a2200169 a 4500020001500000020002300015082001600038100001800054245004800072260005400120300002600174500005000200650001600250650002800266856006300294856005500357 a0750602538 a0750626763 (cover)00a658.314 BEL1 aBelbin, R. M.10aManagement teams : Why they succeed or fail aOxford ;aBoston :bButterworth-Heinemann,c1996. axii, 171 p. :bill. ; aOriginally published: New York : Wiley, 1981. 0aManagement. 0aTeams in the workplace.42uhttp://www.loc.gov/catdir/description/els032/96163175.html41uhttp://www.loc.gov/catdir/toc/els032/96163175.html